Diplomatari de la catedral de Tortosa : (1193-1212), Episcopat de Gombau de Santa Oliva / estudi i edició a cura de Antoni Virgili (1193-1212), Episcopat de Gombau de Santa Oliva / estudi i edició a cura de Antoni Virgili
ISBN:
84-7935-890-4
Descripción Física:
533 p.
Colección:
Diplomataris ; 25
MARC
| LEADER | 00000nam a2200000Ia 4500 | ||
|---|---|---|---|
| 001 | 13548 | ||
| 003 | Arxiu | ||
| 005 | 20260324175554.0 | ||
| 008 | 160829s2001 xx 000 0 cat d | ||
| 020 | |a 84-7935-890-4 | ||
| 080 | |a A-2-124 | ||
| 245 | |a Diplomatari de la catedral de Tortosa : |b (1193-1212), Episcopat de Gombau de Santa Oliva / estudi i edició a cura de Antoni Virgili | ||
| 260 | |a Barcelona : |b Fundació Noguera ; Lleida : |b Pagès, |c 2001 | ||
| 300 | |a 533 p. | ||
| 490 | |a Diplomataris ; 25 | ||
| 590 | |a Índex. | ||
| 590 | |a Bibliografia | ||
| 650 | |a Catedral de Tortosa. Arxiu Capitular |x Catàlegs |9 33138 | ||
| 650 | |a Catedral de Tortosa |x Història |x 1193/1212 |x Fonts |9 33139 | ||
| 650 | |a Catedral de Tortosa |x Manuscrits |x Catàlegs |9 33140 | ||
| 700 | 1 | |a Virgili, Antoni, |d 1956- |e ed. |9 33141 | |
| 700 | |a Fundació Noguera |9 70407 | ||
| 901 | |a Arxiu | ||
| 942 | |n 1 |2 udc | ||
| 952 | |0 0 |1 0 |4 0 |6 A2124 |7 1 |9 46210 |a Arxiu |b Arxiu |d 2016-12-01 |l 0 |o A-2-124 |p 13548 |r 2016-12-01 00:00:00 |w 2016-12-01 |y ARXIU | ||
| 999 | |c 49712 |d 49712 | ||